Statistics for NBA All-Star Game Starters 2000's

Click here to take the quiz!

General Stats

  • This quiz has been taken 407 times
  • The average score is 23 of 28

Answer Stats

PlayerTeam#% Correct
Kobe BryantLakers10
99%
LeBron JamesCavaliers5
99%
Tim DuncanSpurs10
98%
Kevin GarnettCeltics / Timberwolves8
98%
Dwyane WadeHeat4
98%
Shaquille O'NealHeat / Lakers5
97%
Steve NashSuns1
96%
Allen IversonPistons / Nuggets / 76ers9
96%
Yao MingRockets8
95%
Vince CarterNets / Raptors6
94%
Dwight HowardMagic2
94%
Tracy McGradyRockets / Magic6
92%
Jason KiddNets / Suns3
91%
Jermaine O'NealPacers3
91%
Ben WallacePistons2
88%
Carmelo AnthonyNuggets1
87%
Chris BoshRaptors1
87%
Alonzo MourningHeat2
83%
Amar'e StoudemireSuns1
82%
Gilbert ArenasWizards1
78%
Chris PaulHornets1
76%
Chris WebberKings1
74%
Antoine WalkerCeltics1
68%
Grant HillMagic / Pistons3
65%
Dikembe Mutombo76ers1
64%
Michael JordanWizards1
62%
Steve FrancisRockets3
58%
Eddie JonesHornets1
26%

Score Distribution

Percentile by Number Answered

Percent of People with Each Score

Your Score History

You have not taken this quiz